MDQL
is popping MORE tags! Check the
thread
!
Quizzes
Events
Quiz Creation
Community
Videos
Private Events
Remove Ads
Sign In
Join for FREE
Feedback
Dark Mode
Quiz Categories
Sports
Geography
Music
Movies
Television
Just For Fun
Miscellaneous
History
Literature
Language
Science
Gaming
Entertainment
Religion
Holiday
For Kids
Quiz Lab
Recent
Popular Today
Quiz Kudos Today
Editor Picks
Curator Picks
Quizzes by...
Day
Popularity
Type
Ratings
Length
Year
Community
Subscriptions
Recent Discussions
Orange Saloon
Badges
Playlists
Quests
Create
Leaderboards
Showdown
Live 5
Trivia Bingo
Activity
Puzzle Library
Sporcle Events
Private Events
Virtual Trivia
Globe League
Become a Host
Pub Owners
SporcleCon
Opinionation
Our Games
Videos
Blog
Mobile Apps
Partnerships
Remove Ads and Go Orange
Feedback
Gaming
Video Games
Board Games
Card Games
Pokémon
Mario
Nintendo
Minecraft
Console
Toys
Legend of Zelda
Gaming
Video Games
Board Games
Card Games
Pokémon
Mario
Nintendo
Minecraft
Console
Toys
Legend of Zelda
Random Quiz
Search Sporcle
×
Quiz Lab
Quiz Lab
Gaming
Pokémon
Type in answers that appear in a list
Type in answers that appear in a list
Classic
Best Score? Go Orange.
Pokemon Name Meanings (4th gen) Stats
Can you name the fourth generation Pokemon by their name meanings?
By
KittyHakuChan
12m
107 Questions
122 Plays
122 Plays
122 Plays
Comments
Comments
Give Quiz Kudos
Give Quiz Kudos
-
- Ratings
hide this ad
Forced Order
Answers have to be entered in order
Answers have to be entered in order
Random Order
Randomize order of answers
Randomize order of answers
Replay
Link that replays current quiz
Next Quiz
Link to next quiz in quiz playlist
You Got
0%
They Got
Avg Score
73%
Avg Friend Score
Upgrade to see
Score Distribution
Jump to the score distribution portion of the page
Score
0/107
Timer
12:00
0
Plays Today
Name Meaning
Pokemon Name
% Correct
Monkey + Inferno
Monferno
79.5%
Bud + Dew
Budew
79.5%
Munch + Relax
Munchlax
79.5%
Shining + Lynx
Shinx
78.7%
Leaf + Eon
Leafeon
78.7%
Dusk + French for 'black'
Dusknoir
78.7%
Arch(highest) + Deus(god)
Arceus
78.7%
Grotto + Turtle
Grotle
77.9%
Moth + Him
Mothim
77.9%
Sound of a bell + -
ling(child)
Chingling
77.9%
Spirit + Tomb
Spiritomb
77.9%
The final polygon
Porygon-Z
77.9%
Diamond + Dial(watch) + Dragon
Dialga
77.9%
Turtle + Twig
Turtwig
77%
Chimp + Char
Chimchar
77%
Stage of growth in baby birds + Plup(sound of falling in water)
Piplup
77%
Starling
Starly
77%
Rose + Masquerade
Roserade
77%
Bronze + Gong
Bronzong
77%
Garspike(fish) + Chomp
Garchomp
77%
Croak + Gunk
Croagunk
77%
Carnivore + Vine
Carnivine
77%
Luminous + Neon
Lumineon
77%
Abominable + Snow
Abomasnow
77%
Weasel + Vile
Weavile
77%
Japanese for 'large dragonfly' + Mega
Yanmega
77%
Glaicer + Eon
Glaceon
77%
Inferno + Ape
Infernape
76.2%
Starling + Raptor
Staraptor
76.2%
Bastion + Mastodon
Bastiodon
76.2%
Drift + Balloon
Drifloon
76.2%
Sound a cat makes + Ugly
Purugly
76.2%
Bronze + Mirror
Bronzor
76.2%
Bonsai Tree
Bonsly
76.2%
A young mime
Mime Jr.
76.2%
Toxic + Croak
Toxicroak
76.2%
Name Meaning
Pokemon Name
% Correct
Manta ray + Tyke(child)
Mantyke
76.2%
Magnet + Zone
Magnezone
76.2%
Frost + Word for 'girl'
Froslass
76.2%
Motor spelled backwards
Rotom
76.2%
Tortoise + Word meaning 'terrain'
Torterra
75.4%
Prince + Plup(sound of falling in water)
Prinplup
75.4%
Emperor + Napoleon
Empoleon
75.4%
Honeycomb + Bee
Combee
75.4%
Glamour + Sound a cat makes
Glameow
75.4%
Fin + Neon
Finneon
75.4%
Tangle + Growth
Tangrowth
75.4%
Magma + Mortar
Magmortar
75.4%
Mammoth + Swine
Mamoswine
75.4%
Kricket + Tot(child)
Kricketot
74.6%
Rampart
Rampardos
74.6%
Worm + Madam
Wormadam
74.6%
Float + Weasel
Floatzel
74.6%
Cherry + Ruby
Cherubi
74.6%
Gastropod + Don(king)
Gastrodon
74.6%
Stinky + Skunk
Stunky
74.6%
Happy + Tiny
Happiny
74.6%
Probe + Compass
Probopass
74.6%
Azure + Elf
Azelf
74.6%
Heat + Transition metal
Heatran
74.6%
Starling + Avian
Staravia
73.8%
Beaver + Barrel
Bibarel
73.8%
Latin for 'wasp' + Queen
Vespiquen
73.8%
Snow + Cover
Snover
73.8%
Electric + Wire
Electivire
73.8%
Gallant + Blade
Gallade
73.8%
Shamayim(Hebrew word for 'sky')
Shaymin
73.8%
Beaver + Doofus
Bidoof
73%
Kricket + Tune
Kricketune
73%
Japanese for electric crackling sound + Japanese for 'squirrel'
Pachirisu
73%
Skunk + Tank
Skuntank
73%
Garspike(fish) + Bite
Gabite
73%
Name Meaning
Pokemon Name
% Correct
Dragon + Scorpion
Drapion
73%
Crescent + Selene(goddess of the moon)
Cresselia
73%
Ambidextrous + Palm
Ambipom
72.1%
Drift + Blimp
Drifblim
72.1%
Lop + Bunny
Lopunny
72.1%
Alteration of 'Lucario'
Riolu
72.1%
Rhino + Superior
Rhyperior
72.1%
Girasol(red opal) + Japanese word for 'platinum'
Giratina
72.1%
Mischievious + Magus
Mismagius
71.3%
Chat + Parrot
Chatot
71.3%
Hippopotamus + Don(king)
Hippowdon
71.3%
Glide + Scorpion
Gliscor
71.3%
Cranium
Cranidos
70.5%
Cherry + Cherubim
Cherrim
70.5%
Bunny + Ear
Buneary
70.5%
Hippopotamus
Hippopotas
70.5%
Japanese word for 'spike' + Kiss
Togekiss
70.5%
Legendary + Giga
Regigigas
69.7%
Dark + Japanese word for 'dark'
Darkrai
69.7%
Pixie
Uxie
68.9%
Pearl
Palkia
68.9%
Mana + Fairy
Manaphy
68.9%
Unit of luminous intensity + Ray
Luxray
68%
Scorpion + Rupy
Skorupi
68%
Bagworm
Burmy
67.2%
Buoy + Weasel
Buizel
67.2%
Garspike(fish) + Nibble
Gible
67.2%
Word meaning 'boss' + Crow
Honchkrow
65.6%
Shield
Shieldon
64.8%
Unit of luminous intensity + Leo
Luxio
63.9%
Lick
Lickilicky
63.9%
Shell-
less
Shellos
63.1%
Clione(sea angels)
Phione
63.1%
Sprite
Mesprit
54.9%
Based on Japanese spelling of 'Orichalcum'
Lucario
32%
Quiz Playlist
Details
Report
Send in Message
Add To Playlist
Classic:
Type in answers that appear in a list
Forced Order:
Answers have to be entered in order
Random Order:
Randomize order of answers
Quiz Source
Last Updated: Feb 16, 2017
Quiz Scoreboard
CHALLENGE
Sign Up to Join the Scoreboard
Show All
Scores
Hide
Comments
May contain spoilers
Recently Published
Colored Red Africa Blitz
by spor1
Geography
30s
Find the 'City' Movie
by crazypaving
Movies
60s
5x2 Blitz: Bands
by SL_Kpop136
Music
30s
More to Explore
Quiz From the Vault
Featured Blog Post
14 Easter Pick-up Lines to Find Eggs With
hide this ad
You Might Also Like...
Tags
Nintendo Quiz
Pokémon Quiz
Nintendo Games
Today's Top Quizzes in Gaming
Browse Gaming
hide this ad
Today's Top Quizzes in Pokémon
Browse Pokémon
Top Contributed Quizzes in Gaming
1
Dead By Daylight Logic Puzzle
2
League of Legends Pro Players by Career/Team History
3
Destiny 2 exotic weapons by perk icons
4
Genshin Impact Logic Puzzle
5
Overwatch 2: Ultimate Ability Icons
6
Genshin Impact Logic Puzzle Quiz II
7
Windmill: Elements
8
Overwatch Logic Puzzle
9
Genshin Impact Logic Puzzle Quiz
10
Genshin murder mystery
Explore More
Trending Topics
Kpop
Harry Potter
Crossword
Marvel
Anime
NBA
Disney
Song
NFL
Puzzle
Country
Pokémon
The Office
Soccer
WWE
hide this ad
More By:
KittyHakuChan
Quiz
Plays
Rating
Category
Featured
Created
Every Pokemon, All Gens (no legendaries or starters)
5,900
5.00
Gaming
May 12, 2011
Pokemon Attacks - Gen 3
2,770
5.00
Gaming
Feb 7, 2013
Pokemon Attacks - Gen 2
2,653
5.00
Gaming
Feb 7, 2013
Pokemon Attacks - Gen 4
1,616
5.00
Gaming
Feb 7, 2013
DBZ BT3 Characters plus transformations
1,480
4.60
Gaming
Dec 15, 2010
Go to Creator's Profile
Score Distribution
Quiz Creator Spotlight
KittyHakuChan
Follow
Send a Message
Quizzes Created
-
Created Quiz Play Count
-
More By This Creator
Popular Quizzes Today
1
Colored Red Africa Blitz
2
Find the 'City' Movie
3
Find the US States - No Outlines Minefield
4
5x2 Blitz: Bands
5
The Countries of the World
6
Find the US States
7
US States
8
9x9 Crossword: Cartoon Network
More Gaming Quizzes
Smash Bros. Characters by Moves
Published
Trending Quizzes
Colored Red Europe Blitz I
Colored Red Europe Blitz II
Colored Red Africa Blitz II
Colored Red Africa Blitz III
Colored Red Europe Blitz III
Recently Updated
Grab Bag: 4-10 Letters
pecheneg
2024 March Madness Bracket
pecheneg
Famous TV Couples
Peacemaker
Champions League XIs: Real Madrid
pecheneg
Largest US Cities 1790-2010
pecheneg
Rides in Walt Disney World
pecheneg
Most Oscar Losses (Acting)
pecheneg
Beyoncé Albums
pecheneg
Leaping Animals
pecheneg
Reality TV Shows (A-Z)
bhenderson79
Trending Topics
NBA
Disney
Kpop
Anime
Marvel
Harry Potter
Crossword
NFL
The Office
Song
Puzzle
Soccer
Country
WWE
Pokémon
Your Account Isn't Verified!
In order to create a playlist on Sporcle, you need to verify the email address you used during registration. Go to your
Sporcle Settings
to finish the process.
Report this User
Report this user for behavior that violates our
Community Guidelines
.
Details:
Send Report
Go to the Sporcle.com Mobile Site →
Comments